000 00634nam a2200193 i 4500
001 130231
003 ES-MaACL
005 20250801063037.0
007 t|
008 070724s1984 mx ||||1| spa d
100 1 _aZavala, Silvio,
_d1909-2014
_9118108
245 1 0 _aNuevos datos sobre Bartolomé de las Casas, obispo de Chiapas /
_cSilvio Zavala.
260 _a[México] :
_b[s.n.],
_c1984.
300 _a5 p. ;
_c23 cm.
500 _aEs tirada aparte de "Cuadernos Americanos"
600 1 7 _aCasas, Bartolomé de las,
_d1474-1566
_2embne
_9140251
852 _aES-MaACL
_j2133-F-5
_bR.106523
999 _c130231
_d130231